| 000 | 00773nam a2200229Ii 4500 | ||
|---|---|---|---|
| 003 | JO-AjNU | ||
| 008 | 230605s9999||||xx |||||||||||||| ||und|| | ||
| 017 | _a1997/13104 | ||
| 020 | _a977-01-5491-1 | ||
| 040 |
_aJO-AjNU _bara _erda _cJO-AjNU |
||
| 041 | _aara | ||
| 050 | 1 | 4 | _aQP34.5.A812 1998 |
| 100 | 3 |
_aمحمد،هاشم احمد/مترجم, _eauthor _919672 |
|
| 245 | 0 | 0 | _a أسرار جسم الانسان، ج2 |
| 264 | 3 | 1 | _aالقاهرة:الهيئة المصرية العامة للكتاب،1999 |
| 300 | _aج2: 110ص | ||
| 336 |
_atext _btxt _2rdacontent |
||
| 337 |
_aunmediated _bn _2rdamedia |
||
| 338 |
_avolume _bnc _2rdacarrier |
||
| 490 | 0 | _aسلسلة العلم والحياة | |
| 650 | 4 |
_aجسم الانسان - فسيولوجيا _919673 |
|
| 999 |
_aA6532 _c10100 _d10100 |
||